000 00308nam a22001217a 4500
008 160523b xxu||||| |||| 00| 0 eng d
020 _a9780495116691
020 _a0495116696
041 _aeng
080 _a612.39
245 _aUnderstanding nutrition :
_cEllie Whitney; Sharon Rady Rolfes;
942 _2udc
_cBK
999 _c2377
_d2377